| Tag |
First Indicator |
Second Indicator |
Subfields |
| LEADER |
00000cam a2200000 i 4500 |
| 001 |
in00004635358 |
| 006 |
m o d |
| 007 |
cr ||||||||||| |
| 008 |
141007s2014 stk ob 001 0 eng |
| 005 |
20230103223439.5 |
| 010 |
|
|
|a 2019667135
|
| 035 |
|
|
|a (OCoLC)ocn919002843
|
| 040 |
|
|
|a DLC
|b eng
|e rda
|e pn
|c DLC
|d UAB
|d YDXCP
|d N$T
|d UKOUP
|d JBG
|d AGLDB
|d ICA
|d IDEBK
|d XFH
|d OCLCF
|d IOG
|d U3W
|d EZ9
|d ELW
|d D6H
|d LND
|d OAPEN
|d ERL
|d ICG
|d CEF
|d LOA
|d VNS
|d UKKNU
|d VTS
|d ICN
|d VLB
|d MERER
|d OTZ
|d AU@
|d UKMGB
|d WYU
|d LVT
|d STF
|d BRX
|d C6I
|d TXR
|d LEAUB
|d UPM
|d DKC
|d CNTRU
|d HS0
|d P@U
|d W2U
|d EBLCP
|d UKBTH
|d NLE
|d MM9
|d SXB
|d UX1
|d UKAHL
|d JSTOR
|d OCLCO
|d OCLCQ
|d SFB
|d OCLCO
|d OCLCQ
|
| 015 |
|
|
|a GBB450415
|2 bnb
|
| 015 |
|
|
|a GBB683221
|2 bnb
|
| 015 |
|
|
|a GBB8K8042
|2 bnb
|
| 016 |
7 |
|
|a 016713899
|2 Uk
|
| 016 |
7 |
|
|a 017733848
|2 Uk
|
| 016 |
7 |
|
|a 019112558
|2 Uk
|
| 019 |
|
|
|a 910606008
|a 994352612
|a 1028756380
|a 1032574076
|a 1076756471
|a 1112406810
|a 1119124996
|a 1120211796
|a 1122765720
|a 1122767934
|a 1125682506
|a 1164945955
|a 1167268769
|a 1168232112
|a 1171262595
|a 1171966950
|a 1175632557
|
| 020 |
|
|
|a 9780748692781
|q (webready PDF)
|
| 020 |
|
|
|a 0748692789
|
| 020 |
|
|
|a 9781474406499
|q (electronic bk.)
|
| 020 |
|
|
|a 1474406491
|q (electronic bk.)
|
| 020 |
|
|
|a 9780748692798
|
| 020 |
|
|
|a 0748692797
|
| 020 |
|
|
|z 0748692770
|
| 020 |
|
|
|z 9780748692774
|
| 035 |
|
|
|a (OCoLC)919002843
|z (OCoLC)910606008
|z (OCoLC)994352612
|z (OCoLC)1028756380
|z (OCoLC)1032574076
|z (OCoLC)1076756471
|z (OCoLC)1112406810
|z (OCoLC)1119124996
|z (OCoLC)1120211796
|z (OCoLC)1122765720
|z (OCoLC)1122767934
|z (OCoLC)1125682506
|z (OCoLC)1164945955
|z (OCoLC)1167268769
|z (OCoLC)1168232112
|z (OCoLC)1171262595
|z (OCoLC)1171966950
|z (OCoLC)1175632557
|
| 037 |
|
|
|a 22573/ctt13z6mxb
|b JSTOR
|
| 037 |
|
|
|a 101083
|b Knowledge Unlatched
|
| 050 |
0 |
0 |
|a JF801
|
| 072 |
|
7 |
|a POL038000
|2 bisacsh
|
| 072 |
|
7 |
|a POL010000
|2 bisacsh
|
| 072 |
|
7 |
|a POL029000
|2 bisacsh
|
| 072 |
|
7 |
|a POL033000
|2 bisacsh
|
| 072 |
|
7 |
|a POL
|x 010000
|2 bisacsh
|
| 072 |
|
7 |
|a JFFN
|2 bicssc
|
| 082 |
0 |
4 |
|a 323.6
|2 23
|
| 049 |
|
|
|a TXAM
|
| 100 |
1 |
|
|a Ní Mhurchú, Aoileann,
|e author.
|
| 245 |
1 |
0 |
|a Ambiguous citizenship in an age of global migration /
|c Aoileann Ní Mhurchú.
|
| 264 |
|
1 |
|a Edinburgh :
|b Edinburgh University Press,
|c [2014]
|
| 264 |
|
4 |
|c ©2014
|
| 300 |
|
|
|a 1 online resource(x, 262 pages))
|
| 336 |
|
|
|a text
|b txt
|2 rdacontent
|
| 337 |
|
|
|a computer
|b c
|2 rdamedia
|
| 338 |
|
|
|a online resource
|b cr
|2 rdacarrier
|
| 347 |
|
|
|a data file
|
| 504 |
|
|
|a Includes bibliographical references (pages 235-259) and index.
|
| 505 |
0 |
|
|a Exploring the citizenship debate: the sovereign citizen-subject -- A lens: the 2004 Irish citizenship referendum -- Trapped in the citizenship debate: sovereign time and space -- Interrogating sovereign politics: an alternative citizen-subject -- Challenging the citizenship debate: beyond state sovereign time and space -- Traces rather than spaces of citizenship: retheorizing the politics of citizenship.
|
| 520 |
|
|
|a Citizenship is widely understood in binary statist terms: inclusion/exclusion, past/present, with the emphasis on how globalization brings such binaries into focus and exacerbates them. This book highlights the limitations of these positions and of current debate, and explores the possibility that citizenship is being reconfigured in contemporary political life beyond binary state oriented categories.
|
| 588 |
0 |
|
|a Print version record; resource not viewed.
|
| 542 |
1 |
|
|f This work is licensed by Knowledge Unlatched under a Creative Commons license
|u https://creativecommons.org/licenses/by-nc/4.0/legalcode
|
| 546 |
|
|
|a English.
|
| 650 |
|
0 |
|a Citizenship.
|
| 650 |
|
0 |
|a Globalization.
|
| 650 |
|
6 |
|a Mondialisation.
|
| 650 |
|
7 |
|a globalism.
|2 aat
|
| 650 |
|
7 |
|a Migration, immigration and emigration.
|2 bicssc
|
| 650 |
|
7 |
|a Social issues and processes.
|2 bicssc
|
| 650 |
|
7 |
|a Society and culture: general.
|2 bicssc
|
| 650 |
|
7 |
|a Society and social sciences Society and social sciences.
|2 bicssc
|
| 650 |
|
7 |
|a POLITICAL SCIENCE
|x Public Policy
|x Cultural Policy.
|2 bisacsh
|
| 650 |
|
7 |
|a POLITICAL SCIENCE
|x History & Theory.
|2 bisacsh
|
| 650 |
|
7 |
|a Citizenship.
|2 fast
|0 (OCoLC)fst00861909
|
| 650 |
|
7 |
|a Globalization.
|2 fast
|0 (OCoLC)fst00943532
|
| 653 |
|
|
|a Political Science.
|
| 653 |
|
|
|a Migration.
|
| 653 |
|
|
|a Immigration.
|
| 653 |
|
|
|a Social theory.
|
| 653 |
|
|
|a Politics.
|
| 655 |
|
7 |
|a Electronic books.
|2 local
|
| 710 |
2 |
|
|a JSTOR (Organization)
|
| 776 |
0 |
8 |
|i Ebook version
|z 9780748692781
|
| 776 |
0 |
8 |
|i Print version:
|t Ambiguous citizenship in an age of global migration.
|d Edinburgh : Edinburgh University Press, [2014]
|z 9780748692774
|w (DLC) 2014451209
|
| 856 |
4 |
0 |
|u https://www.jstor.org/stable/10.3366/j.ctt14brw8g
|z Connect to the full text of this electronic book
|t 0
|
| 955 |
|
|
|a JSTOR Open Access ebooks
|
| 994 |
|
|
|a 92
|b TXA
|
| 999 |
f |
f |
|s 0f0ae1fc-cb7c-4924-bdc2-1734c3494bee
|i cad231f3-f6b9-4c0c-8414-8052eb7d5fb4
|t 0
|
| 952 |
f |
f |
|a Texas A&M University
|b College Station
|c Electronic Resources
|d Available Online
|t 0
|e JF801
|h Library of Congress classification
|
| 998 |
f |
f |
|a JF801
|t 0
|l Available Online
|